书目信息 |
| 题名: |
中国浮空器发展路线图
|
|
| 作者: | ;中国航空学会 编著 | |
| 分册: | ||
| 出版信息: | 北京 中国科学技术出版社 2021 |
|
| 页数: | 368页 | |
| 开本: | 26cm | |
| 丛书名: | ||
| 单 册: | ||
| 中图分类: | V27 | |
| 科图分类: | ||
| 主题词: | 航空器--技术发展--研究报告--中国 | |
| 电子资源: | ||
| ISBN: | 978-7-5046-8661-9 | |
| 000 | 01089nam0 2200241 450 | |
| 001 | 2243184989 | |
| 005 | 20221019115959.25 | |
| 010 | @a978-7-5046-8661-9@dCNY110.00 | |
| 100 | @a20211224d2021 em y0chiy50 ea | |
| 101 | 0 | @achi |
| 102 | @aCN@b110000 | |
| 105 | @aa az 000yy | |
| 200 | 1 | @a中国浮空器发展路线图@9zhong guo fu kong qi fa zhan lu xian tu@f中国航空学会编著 |
| 210 | @a北京@c中国科学技术出版社@d2021 | |
| 215 | @a368页@c图@d26cm | |
| 300 | @a中国科协学科发展预测与技术路线图系列报告/中国科学技术协会主编 | |
| 320 | @a有书目 | |
| 330 | @a本书从浮空器的基本概念出发,介绍了浮空器的主要分类和发展现状,对浮空器市场需求进行了深刻剖析,并通过对国内外浮空器技术现状的分析,提出了未来浮空器发展的核心技术,指明了我国未来浮空器的发展方向。结合浮空器自身特点和我国的实际情况,本书给出了浮空器产业发展的相关建议,并就浮空器应用场景典型任务描述等专题进行了深入探讨,全面阐述了浮空器系统发展路线。 | |
| 606 | 0 | @a航空器@x技术发展@x研究报告@y中国 |
| 690 | @aV27@v5 | |
| 711 | 02 | @a中国航空学会@9Zhong Guo Hang Kong Xue Hui@4编著 |
| 801 | 0 | @aCN@b91MARC@c20220225 |
| 905 | @aZUCC@dV27@e1 | |
| 中国浮空器发展路线图/中国航空学会编著.-北京:中国科学技术出版社,2021 |
| 368页:图;26cm |
| 中国科协学科发展预测与技术路线图系列报告/中国科学技术协会主编 |
| ISBN 978-7-5046-8661-9:CNY110.00 |
| 本书从浮空器的基本概念出发,介绍了浮空器的主要分类和发展现状,对浮空器市场需求进行了深刻剖析,并通过对国内外浮空器技术现状的分析,提出了未来浮空器发展的核心技术,指明了我国未来浮空器的发展方向。结合浮空器自身特点和我国的实际情况,本书给出了浮空器产业发展的相关建议,并就浮空器应用场景典型任务描述等专题进行了深入探讨,全面阐述了浮空器系统发展路线。 |
| ● |
| 相关链接 |
|
|
|
正题名:中国浮空器发展路线图
索取号:V27/1
 
预约/预借
| 序号 | 登录号 | 条形码 | 馆藏地/架位号 | 状态 | 备注 |
| 1 | 2000914918 | 2000914918 | 第三书库/ [索取号:V27/1] | 在馆 | |
| 2 | 2000914919 | 2000914919 | 第三书库/ [索取号:V27/1] | 在馆 | |
| 3 | 2000914920 | 2000914920 | 第三书库/ [索取号:V27/1] | 在馆 |